| 000 | 01946nam2a22002891 4500 | ||
|---|---|---|---|
| 001 | RU\NLR\INFOCOMM17\1000422134 | ||
| 005 | 20250617112414.0 | ||
| 035 | _a(NLR Aleph) 002572240 | ||
| 090 |
_a3200047 _c3200047 |
||
| 100 | _a20040531d1978 |||y0rusy50 ca | ||
| 101 | 0 | _arus | |
| 102 | _aRU | ||
| 105 | _ay ||||||||| | ||
| 200 | 1 |
_aСостояние разработки и внедрения АСУЭ промышленных предприятий _e(По данным отеч. и зарубеж. печати за 1969 - 1978 г.г.) _fА.Е. Салеев, В.М. Ковылин |
|
| 210 |
_d1978 _aБ. м. |
||
| 225 | 1 |
_a... _vВып.559 _i... _v1978, Вып.11 |
|
| 461 | 0 |
_1001RU\NLR\INFOCOMM55\1000056712 _12001#$aОбзоры по электронной технике$fМ-во электронной пром-сти СССР. Ин-т "Электроника"$vВып.559 _93197280 _cМ. _d1968- _fМ-во электронной пром-сти СССР. Ин-т "Электроника" _tОбзоры по электронной технике _vВып.559 |
|
| 462 | 0 |
_1001RU\NLR\INFOCOMM17\1000421987 _12001#$aОбзоры по электронной технике...$iСерия:Технология и организация производства$fМ-во электронной пром-сти СССР. Ин-т "Электроника"$v1978, Вып.11 _93198795 _cМ. _d1970- _fМ-во электронной пром-сти СССР. Ин-т "Электроника" _iСерия: Технология и организация производства _tОбзоры по электронной технике. - Обзоры по электронной технике _v1978, Вып.11 |
|
| 700 | 1 |
_aСалеев _bА.Е. _4070 |
|
| 701 | 1 |
_aКовылин _bВ.М. _4070 |
|
| 801 | 1 |
_aRU _bInfoComm _c20040531 |
|
| 801 | 0 |
_aRU _bNLR _gPSBO |
|
| 852 |
_aNLR _jП51/94 |
||
| 942 | _cISSUE | ||
| 980 | _aNB | ||
| 980 | _aRUSPER | ||